• 首页
  • 本馆介绍
  • 公告通知
  • 最新文献
  • 馆藏检索
  • 电子资源
  • 读者导购
  • 参考咨询
  • 我的图书馆
  • 登录
  • 详细信息显示
  • 放入我的书架
  • 预约/预借图书
  • 作者相关作品
  • 分类相关作品
  • 丛书相关作品
  • 出版社相关作品

书目信息

  • 表格格式
  • 工作单格式
  • 卡片格式
题名:
欧美古典作家论现实主义的浪漫主义
    
 
作者: ;中国社会科学院外国文学研究所外国文学研究资料丛刊编辑委员会 编
分册: 二  
出版信息: 北京   中国社会科学出版社  1981
页数: 451页
开本: 21cm
丛书名: 外国文学研究资料丛刊
单 册:
中图分类: I06
科图分类:
主题词: 文学评论 , 文学欣赏
电子资源:
ISBN:
000 01104nam2 2200265 45
001 0181006046
005 20070731091450.84
010    @dCNY1.45
091    @a10190.045
100    @a19950628f1981 emky0chiy0121 ea
101 0  @achi
102    @aCN@b110000
105    @ay z 000yy
200 10 @a欧美古典作家论现实主义的浪漫主义@Aou mei gu dian zuo jia lun xian shi zhu yi de lang man zhu yi@h二@f中国社会科学院外国文学研究所外国文学研究资料丛刊编辑委员会编@Fzhong guo she hui ke xue yuan wai guo wen xue yan jiu suo wai guo wen xue yan jiu zi liao cong kan bian ji wei yuan hui bian
210    @a北京@c中国社会科学出版社@d1981
215    @a451页@d21cm
225 2  @a外国文学研究资料丛刊
410  0 @120010@a外国文学研究资料丛刊
606 0  @a文学评论
606 0  @a文学欣赏
690    @aI06
711 02 @a中国社会科学院外国文学研究所外国文学研究资料丛刊编辑委员会@Azhong guo she hui ke xue yuan wai guo wen xue yan jiu suo wai guo wen xue yan jiu zi liao cong kan bian ji wei yuan hui@4编
801  0 @aCN@b上海图书馆@c20070731
801  2 @aCN@bNLC@c20060914
905    @f3@b64144-146@dI06@e12:2
    
    欧美古典作家论现实主义的浪漫主义.二/中国社会科学院外国文学研究所外国文学研究资料丛刊编辑委员会编.-北京:中国社会科学出版社,1981
    451页;21cm.-(外国文学研究资料丛刊)
    
    
    ISBN :CNY1.45
    
●
相关链接 在E读中查询图书 在五车中查询图书 在当当中查询图书 在豆瓣中查询图书


正题名:欧美古典作家论现实主义的浪漫主义     索取号:I06/12:2         预约/预借

序号 登录号 条形码 馆藏地/架位号 状态 备注
1 0064143   202131790   第二借阅区/ [索取号:I06/12:2] 在馆    
2 0064144   000909896   第二借阅区/ [索取号:I06/12:2] 在馆    
3 0064145   000909903   第二借阅区/ [索取号:I06/12:2] 在馆    
4 0064146   000909887   第二借阅区/ [索取号:I06/12:2] 在馆    
5 0064147   000909869   第一样本阅览室/ [索取号:I06/12:2] 在馆    
6 0449677   204496777   密集书库/ [索取号:I06/12:2] 在馆    
7 0457667   204576672   密集书库/ [索取号:I06/12:2] 在馆    
8 0457668   204576681   密集书库/ [索取号:I06/12:2] 在馆    
9 0472544   204725440   密集书库/ [索取号:I06/12:2] 在馆    
10 0475431   204754319   密集书库/ [索取号:I06/12:2] 在馆    
11 0786904   207869047   密集书库/ [索取号:I06/12:2] 在馆    
唐山师范学院图书馆 欢迎您!
大连网信软件有限公司© 版权所有